| 000 | 00704nam a22001577a 4500 | ||
|---|---|---|---|
| 005 | 20260328154333.0 | ||
| 008 | 240903b ||||| |||| 00| 0 eng d | ||
| 082 | _aDPer 808.042 C686 June 2019 - February 2020, vol 70-71, no. 1-4. | ||
| 100 |
_aRivard, Courtney. _eauthor. _959955 |
||
| 245 |
_aTurning archives into data : _barchival rhetorics and digital literacy in the composition classroom / _cCourtney Rivard. |
||
| 260 |
_aUSA ; _bNational Council of Teachers of English, _cJune 2019. |
||
| 300 |
_avolume 70, pages 527-559, _billustration. |
||
| 500 | _aCollege Composition & Communication, v. 70 n. 4, pages 527-559, June 2019. | ||
| 700 |
_aRivard, Courtney. _eauthor. _959955 |
||
| 942 |
_2ddc _cPER |
||
| 999 |
_c21233 _d21233 |
||